000 00705nam a2200229 i 4500
001 140665
003 ES-MaACL
005 20230906200127.0
007 t|
008 070914s1984 sp ||||1| spa d
020 _a84-282-0428-4
080 _a575/577(022)
100 1 _aWeisz, Paul B.
_9116418
245 1 3 _aLa ciencia de la biología /
_cPaul B. Weisz ; [traducido por José Luis Ménsua y por Ana Rosich y Oriol Cabré].
250 _a5ª ed.
260 _aBarcelona :
_bOmega,
_c1984.
300 _aXIV, 668 p. :
_bil. ;
_c24 cm.
700 1 _aMensua Fernández, J. L.
_980382
700 1 _aRosich, Ana.
_999779
700 1 _aCabré, Oriol.
_933263
852 _aES-MaACL
_jL-9053
_bR.110546
999 _c140665
_d140665